000 00461nab a2200145Ia 4500
003 ES-SlBCS
005 20210601124328.0
008 140529s1997 xxu||||| |||| 00| 0 eng d
041 _aeng
100 1 _aCovaleskie, John F.
_9139848
245 0 0 _aWhose Schools? And What Should we do with them?
_c John F. Covaleskie
650 0 4 _aEscuelas Públicas-Futuro
_9139849
773 0 _tEducational Theory
_gvol. 47, nº. 4, 1997, págs. 527-540
_wRev1399
942 _cAR
999 _c513026
_d513026